000 00347 a2200145 4500
001 121539
020 _a8573586249
040 _cEscola Canadense de Niteroi
090 _aLEI-M2
245 1 0 _aMagos e Bruxas: Jogos olĂ­mpicos da magia
300 _a8 p.
_bil.
_c4 x 32 x 0.1 cm
362 0 _a2004
650 4 _aLiteratura Infantil
942 _cBK
999 _c121539
_d121539